000
00318nam a2200121Ia 4500
008
191201s2012 xx 000 0 und d
100
_a
JAIN,Khushpat S
245
0
_a
Export Import Procedures and Documentation
260
_a
N. Delhi
_b
Himalaya Publication House
_c
2012
300
_a
278
650
_a
MBA
942
_2
ddc
_c
BK
999
_c
201
_d
201